| 000 | 00445cam a2200169ua 4500 | ||
|---|---|---|---|
| 020 | _cRs. 30snet | ||
| 041 |
_aeng _h |
||
| 082 |
_a332.041 _bROB/AC |
||
| 100 | _aRobinson, , Joan . | ||
| 245 |
_aAccumudation of capital / _cRobinson, Joan. _hTextual Documents |
||
| 260 |
_aLondon : _bMacMillan and Company Limited , _c19058. |
||
| 300 | _a440 ; . | ||
| 365 | _aRs. 30snet | ||
| 504 | _a | ||
| 942 | _cBK | ||
| 999 |
_c11264 _d11264 |
||